000 00819nam a2200253Ia 4500
003 OSt
005 20221005021757.0
006 a|||||r|||| 00| 0
007 ta
008 221004b |||||||| |||| 00| 0 eng d
020 _a9789383281916 (pbk)
_cINR 120.00
024 _a41311
037 _b021, 18/01/2019, Classic Book Service
_cTextual
040 _aCRL
_cCRL
_beng
041 _2eng
_aeng
082 _aP11:3, Q6
100 _aMalhotra Prerna Ed.
_9577454
245 0 _aAdvanced english communication II
_b for BA/B.Com. Prog. I/II semester
260 _aAgra
_bBook Age Publications India
_c2016
300 _axi,146p.
_ccm.
650 _aENGLISH LANGUAGE - GRAMMAR
942 _hP11:3, Q6
_cTEXL
_2cc
999 _c928114
_d928114